000 02455 a2200145 4500
003 OSt
005 20260205165052.0
008 260205b |||||||| |||| 00| 0 eng d
100 _aनरवणे वि.
_9216528
245 _a भारतीय कहवत संग्रह भाग 3
260 _bभारतीय विचार साधना प्रकाशन
_c1978
_aपुणे
300 _a788PP.
520 _a'भारतीय कहावत संग्रह भाग-2' (Proverbs Of India) भारतीय भाषाओं की जीवंत और पारंपरिक लोकोक्तियों का एक विशाल संकलन है। इसमें विभिन्न भारतीय बोलियों और भाषाओं की कहावतों को हिंदी में अर्थ और संदर्भ के साथ सहेजा गया है। यह पुस्तक भारतीय सांस्कृतिक विरासत को समझने के लिए एक महत्वपूर्ण शब्दकोश है। भारतीय कहावत संग्रह भाग-2 की मुख्य विशेषताएँ: संकलनकर्ता: विश्वनाथ दिनकर नरवणे (Vishwanath Dinakar Naravane). प्रकाशक: भारतीय विचार साधना. सामग्री: इसमें विभिन्न भारतीय भाषाओं की कहावतें, उनके अर्थ और संदर्भ शामिल हैं। पृष्ठ संख्या: लगभग 792 पृष्ठ (हार्ड कवर). उपयोगिता: भाषाविदों, शोधकर्ताओं और सांस्कृतिक प्रेमियों के लिए एक उत्कृष्ट संदर्भ पुस्तक है। BookGanga +2 यह पुस्तक ग्रामीण और क्षेत्रीय संस्कृति में प्रचलित अनमोल कहावतों को संरक्षित करने का प्रयास करती है, जो समय के साथ लुप्त होती जा रही हैं।
942 _cBK
_2ddc
999 _c370122
_d370122